Spell the Marvel Character #343 - Statistics

General Stats
  • This quiz has been taken 12 times
  • The average score is 7 of 10
Answer Stats
Picture Answer % Correct
Iceman
100%
Nick Fury
92%
Iron Fist
83%
Silk
75%
Goliath
58%
Hepzibah
50%
Machine Man
50%
Miss Thing
50%
Stinger
50%
Triton
50%
No matching quizzes found
Score Distribution
Percent of People with Each Score
Percentile by Number Answered
Your Score History
You have not taken this quiz